[Event "SB-2020-0-00592"]
[Site "LSS email"]
[Date "2020.03.07"]
[Round "?"]
[White "Kraujunas, Vladas"]
[Black "Maeuer, Karl Heinz"]
[Result "1/2-1/2"]
[WhiteElo "1909"]
[BlackElo "1892"]
[PlyCount "72"]
[EventDate "2020.01.01"]
[EventType "tourn (corr)"]
[EventRounds "6"]
[EventCountry "GER"]
[SourceTitle "Corr 2022"]
[Source "ChessBase"]
[SourceDate "2021.10.24"]
[SourceVersion "1"]
[SourceVersionDate "2021.10.24"]
[SourceQuality "1"]

1. e4 c5 2. Nf3 d6 3. d4 cxd4 4. Nxd4 e5 5. Nb5 Nc6 6. c4 Nf6 7. N1c3 a6 8. Na3 Be7 9. Be2 Nd4 10. 0-0 Bd7 11. Bd3 0-0 12. Be3 Ne6 13. Nc2 h6 14. Re1 Rc8 15. Bf1 b5 16. cxb5 Bxb5 17. Bxb5 axb5 18. a3 Qd7 19. Qd3 Bd8 20. f3 Ba5 21. Nb4 Rfd8 22. Red1 Nc7 23. Nbd5 Ncxd5 24. Nxd5 Nxd5 25. Qxd5 Rb8 26. h3 Bb6 27. Bxb6 Rxb6 28. Kh2 Qe6 29. Qd3 Rc8 30. Rac1 Rc4 31. Rxc4 Qxc4 32. Qxc4 bxc4 33. Rd2 Kf8 34. Kg3 Ke7 35. Rc2 Ke6 36. Rxc4 Rxb2 1/2-1/2

[Event "SB-2020-0-00592"]
[Site "LSS email"]
[Date "2020.03.07"]
[Round "?"]
[White "Reppert, Victor"]
[Black "Maeuer, Karl Heinz"]
[Result "1/2-1/2"]
[WhiteElo "1981"]
[BlackElo "1892"]
[PlyCount "44"]
[EventDate "2020.01.01"]
[EventType "tourn (corr)"]
[EventRounds "6"]
[EventCountry "GER"]
[SourceTitle "Corr 2022"]
[Source "ChessBase"]
[SourceDate "2021.10.24"]
[SourceVersion "1"]
[SourceVersionDate "2021.10.24"]
[SourceQuality "1"]

1. e4 c5 2. Nf3 d6 3. d4 Nf6 4. Nc3 cxd4 5. Nxd4 a6 6. Be3 e5 7. Nf3 Be7 8. Bc4 0-0 9. 0-0 Nc6 10. Bb3 Be6 11. Qe2 Na5 12. Rfd1 Qc7 13. Bg5 Nxb3 14. axb3 Rac8 15. Ne1 Bg4 16. Nf3 Be6 17. Qd3 Rfd8 18. Bxf6 Bxf6 19. Ne1 Qc6 20. Nd5 Bxd5 21. Qxd5 Qxd5 22. Rxd5 Rc5 1/2-1/2

[Event "OP-2013-0-02747"]
[Site "LSS email"]
[Date "2013.04.22"]
[Round "?"]
[White "Kolanek, Roman"]
[Black "Maeuer, Karl Heinz"]
[Result "1-0"]
[WhiteElo "1942"]
[BlackElo "1919"]
[PlyCount "101"]
[EventDate "2013.04.19"]
[EventType "tourn (corr)"]
[EventRounds "4"]
[EventCountry "GER"]
[SourceTitle "Telechess CBM 159"]
[Source "ChessBase"]
[SourceDate "2014.03.17"]
[SourceVersion "1"]
[SourceVersionDate "2014.03.17"]
[SourceQuality "1"]

1. d4 Nf6 2. c4 e6 3. Nf3 d5 4. e3 c5 5. a3 a6 6. dxc5 Bxc5 7. b4 Be7 8. Bb2 0-0 9. Nbd2 b6 10. cxd5 Nxd5 11. Qc2 a5 12. Bd3 axb4 13. Bxh7+ Kh8 14. axb4 Rxa1+ 15. Bxa1 Nxb4 16. Qc3 f6 17. Be4 Ba6 18. Ne5 Kg8 19. Ng6 Nd7 20. Nxf8 Bxf8 21. Nb3 f5 22. Bb1 Qg5 23. Rg1 Nd5 24. Qc6 Bb4+ 25. Nd2 Nc5 26. Bd4 Qg4 27. f3 Qh4+ 28. Kd1 Qd8 29. Bxc5 Bxc5 30. Qxe6+ Kh8 31. Ba2 Nc7 32. Qxf5 Bxe3 33. Qh3+ Bh6 34. f4 Bd3 35. Qe3 Nb5 36. Ke1 Nc3 37. Bb3 Kh7 38. g3 g6 39. Rg2 Bg7 40. Nf3 Ne4 41. Ne5 Bxe5 42. fxe5 Nc5 43. Rd2 Qe7 44. Rxd3 Nxd3+ 45. Qxd3 Qxe5+ 46. Kf2 Qb2+ 47. Bc2 Qf6+ 48. Kg2 Qc6+ 49. Qe4 Qf6 50. Bd3 Kg7 51. h4 1-0

[Event "OP-2013-0-02747"]
[Site "LSS email"]
[Date "2013.04.22"]
[Round "?"]
[White "Maeuer, Karl Heinz"]
[Black "Lenz, Juergen"]
[Result "1-0"]
[WhiteElo "1919"]
[BlackElo "1083"]
[PlyCount "75"]
[EventDate "2013.04.19"]
[EventType "tourn (corr)"]
[EventRounds "4"]
[EventCountry "GER"]
[SourceTitle "Telechess CBM 159"]
[Source "ChessBase"]
[SourceDate "2014.03.17"]
[SourceVersion "1"]
[SourceVersionDate "2014.03.17"]
[SourceQuality "1"]
[BlackTeam "IWEC (Canada)"]

1. e4 e6 2. d4 d5 3. exd5 exd5 4. Bd3 Bd6 5. Qe2+ Qe7 6. Nf3 Qxe2+ 7. Kxe2 Ne7 8. Nc3 Bg4 9. h3 Bh5 10. Nb5 Kd7 11. g4 Bg6 12. Nxd6 Bxd3+ 13. Kxd3 cxd6 14. Bd2 f6 15. a4 Nbc6 16. Nh4 Rae8 17. f4 Nc8 18. Nf5 g6 19. Ne3 N8e7 20. f5 a5 21. Raf1 Rhf8 22. fxg6 hxg6 23. h4 f5 24. gxf5 gxf5 25. h5 f4 26. Ng4 Nb4+ 27. Bxb4 axb4 28. Rh3 Nc6 29. h6 Re4 30. c3 Ke6 31. h7 Rh8 32. Nf2 Re3+ 33. Rxe3+ fxe3 34. Nh3 Nd8 35. Ng5+ Ke7 36. cxb4 Ne6 37. Rf7+ Ke8 38. Rxb7 1-0

[Event "ZH-2012-0-00746"]
[Site "LSS email"]
[Date "2012.04.06"]
[Round "?"]
[White "Maeuer, Karl Heinz"]
[Black "Sherwood, Russell"]
[Result "1/2-1/2"]
[WhiteElo "2008"]
[BlackElo "2153"]
[PlyCount "55"]
[EventDate "2012.04.01"]
[EventType "match (corr)"]
[EventRounds "2"]
[EventCountry "GER"]
[SourceTitle "Telechess CBM 153"]
[Source "ChessBase"]
[SourceDate "2013.03.14"]
[SourceVersion "1"]
[SourceVersionDate "2013.03.14"]
[SourceQuality "1"]

1. e4 e5 2. Nf3 Nc6 3. Bb5 a6 4. Bxc6 dxc6 5. 0-0 Qd6 6. Na3 Be6 7. Qe2 f6 8. d4 exd4 9. Rd1 Bg4 10. c3 Ne7 11. h3 Bxf3 12. Qxf3 Qe6 13. Bf4 Ng6 14. Bxc7 Qf7 15. Bg3 Bxa3 16. bxa3 dxc3 17. Qxc3 0-0 18. f3 Rad8 19. Qb2 h6 20. a4 Rfe8 21. Rab1 Rxd1+ 22. Rxd1 Ne5 23. a5 Kh7 24. Qb3 Re7 25. Rd4 Qg6 26. Kh2 Qf7 27. Qb2 Re8 28. Qb3 1/2-1/2

[Event "OP-2012-0-02062"]
[Site "LSS email"]
[Date "2012.02.13"]
[Round "?"]
[White "Maeuer, Karl Heinz"]
[Black "Belter, Edmund"]
[Result "1-0"]
[WhiteElo "2008"]
[BlackElo "1105"]
[PlyCount "45"]
[EventDate "2012.02.09"]
[EventType "tourn (corr)"]
[EventRounds "4"]
[EventCountry "GER"]
[SourceTitle "Telechess CBM 153"]
[Source "ChessBase"]
[SourceDate "2013.03.14"]
[SourceVersion "1"]
[SourceVersionDate "2013.03.14"]
[SourceQuality "1"]

1. e4 Nc6 2. d4 e5 3. d5 Nce7 4. Nf3 Nf6 5. Nxe5 Nxe4 6. Bd3 Nc5 7. 0-0 Nxd3 8. Qxd3 d6 9. Qb5+ c6 10. dxc6 bxc6 11. Nxc6 Nxc6 12. Qxc6+ Bd7 13. Re1+ Be7 14. Qxd6 Rc8 15. Qe5 f6 16. Qh5+ g6 17. Qd5 Bc6 18. Qe6 Rf8 19. Bh6 Rf7 20. Nc3 Qd7 21. Qe2 Qb7 22. Rad1 Bxg2 23. Nb5 1-0

[Event "GER HS-109 email"]
[Site "GER email"]
[Date "2011.09.05"]
[Round "?"]
[White "Eife, Gunter"]
[Black "Maeuer, Karl Heinz"]
[Result "0-1"]
[WhiteElo "1792"]
[BlackElo "1862"]
[PlyCount "35"]
[EventDate "2011.09.09"]
[EventType "tourn (corr)"]
[EventRounds "6"]
[EventCountry "GER"]
[SourceTitle "Corr 2015"]
[Source "ChessBase"]
[SourceDate "2015.07.17"]
[SourceVersion "1"]
[SourceVersionDate "2015.07.17"]
[SourceQuality "1"]
[WhiteTeam "Germany"]
[BlackTeam "Germany"]
[WhiteTeamCountry "GER"]
[BlackTeamCountry "GER"]

1. d4 Nf6 2. c4 e6 3. Nf3 d5 4. Nc3 Bb4 5. Bg5 Nbd7 6. cxd5 exd5 7. e3 h6 8. Bh4 g5 9. Bg3 Ne4 10. Nd2 Nxc3 11. bxc3 Bxc3 12. Rc1 Ba5 13. h4 Rg8 14. Bd3 c6 15. hxg5 hxg5 16. Kf1 Bc7 17. Bxc7 Qxc7 18. Rh6 0-1

[Event "GER HS-109 email"]
[Site "GER email"]
[Date "2011.09.05"]
[Round "?"]
[White "Maeuer, Karl Heinz"]
[Black "Wagner, Karsten"]
[Result "1/2-1/2"]
[WhiteElo "1862"]
[BlackElo "1813"]
[PlyCount "77"]
[EventDate "2011.09.09"]
[EventType "tourn (corr)"]
[EventRounds "6"]
[EventCountry "GER"]
[SourceTitle "Corr 2015"]
[Source "ChessBase"]
[SourceDate "2015.07.17"]
[SourceVersion "1"]
[SourceVersionDate "2015.07.17"]
[SourceQuality "1"]
[WhiteTeam "Germany"]
[BlackTeam "Germany"]
[WhiteTeamCountry "GER"]
[BlackTeamCountry "GER"]

1. e4 c5 2. Nf3 d6 3. d4 cxd4 4. Nxd4 Nf6 5. Nc3 a6 6. Bc4 e6 7. 0-0 b5 8. Bb3 Be7 9. Qf3 Qc7 10. Qg3 Nc6 11. Nxc6 Qxc6 12. a4 b4 13. Ne2 Qxe4 14. Re1 0-0 15. Bd2 Rb8 16. a5 Bd7 17. f3 Qb7 18. Nf4 Bb5 19. Bxb4 e5 20. Nh3 Bd7 21. Bd2 Bf5 22. Kh1 Nd7 23. Bc3 Nc5 24. Bc4 Bxc2 25. Nf4 Rfc8 26. Nd5 Bd8 27. Ne3 Bg6 28. Red1 Be7 29. Qe1 Qa7 30. Qe2 Nb3 31. Ra3 Nd4 32. Bxd4 exd4 33. Nd5 Re8 34. b4 Bf5 35. Qd2 Be6 36. Nxe7+ Rxe7 37. Bf1 Reb7 38. Qxd4 Qxd4 39. Rxd4 1/2-1/2